000 00342nam a2200133 i 4500
001 bg
100 1 _aUNDERBILL, N.
245 0 _aTesting Spoken Language :
_ba handbook of oral testing techniques /
_cN. Underbill.
260 _aCambridge,
_c1989.
040 _cBPK
041 _apol
942 _cKS
008 s pl f |000 0 pol
999 _c5481
_d5481
856 _uhttp://koha.tu.koszalin.pl/cgi-bin/koha/opac-detail.pl?biblionumber=5481
_yKatalog online BPK